Normal view
MARC view
- Militray out and Science -- History
Entry Topical Term
001 - CONTROL NUMBER
- control field: 48624
003 - CONTROL NUMBER IDENTIFIER
- control field: NUST
005 - DATE AND TIME OF LATEST TRANSACTION
- control field: 20210314134102.0
008 - FIXED-LENGTH DATA ELEMENTS
- fixed length control field: 210314|| aca||aabn | a|a d
040 ## - CATALOGING SOURCE
- Original cataloging agency: NUST
- Transcribing agency: NUST
150 ## - HEADING--TOPICAL TERM
- Topical term or geographic name entry element: Militray out and Science -- History
670 ## - SOURCE DATA FOUND
- Source citation: Work cat.: (NUST): O'Sullivan, Patrick 48623, The Geography of warfare, 1983
